The white feather murders. #3 / by Rachel ... Read More
Available copies
- 1 of 1 copy available at LARL/NWRL Consortium.
- 1 of 1 copy available at Lake Agassiz Regional Library. (Show preferred library)
Current holds
0 current holds with 1 total copy.
Show Only Available Copies
| Location | Call Number / Copy Notes | Barcode | Shelving Location | Status | Due Date |
|---|---|---|---|---|---|
| Detroit Lakes Public Library | LARGE PRINT M MCM (Text) | 33500012517983 | Main | Available | - |
Record details
- ISBN: 9781410499820
- ISBN: 1410499820
- Physical Description: 365 pages (large print) ; 22 cm.
- Edition: Large print edition.
- Publisher: Waterville, Maine : Thorndike Press, a part of Gale, Cengage Learning, 2017.
- Copyright: ©2017
Content descriptions
| Summary, etc.: | Toronto, 1914. Merinda Herringford and Jem Watts ... Read More |
Search for related items by subject
| Subject: | Women detectives > Canada > Fiction. Murder > Investigation > Fiction. Large type books. Large type books. Murder > Investigation. Women detectives. Canada. |
| Genre: | Detective and mystery fiction. Mystery fiction. Fiction. Detective and mystery fiction. |
Search for related items by series
| LDR | 02409cam a22005298i 4500 | ||
|---|---|---|---|
| 001 | 257910 | ||
| 003 | LARL_NWRL_CONSORTIUM | ||
| 005 | 20170614195920.0 | ||
| 008 | 170224t20172017meu d 000 1 eng | ||
| 010 | . | ‡a 2017008906 | |
| 040 | . | ‡aDLC ‡beng ‡erda ‡cDLC ‡dBTCTA ‡dBDX ‡dOCLCO ‡dOCLCQ ‡dOCLCF ‡dORX ‡dOCP ‡dOCL ‡dOCLCO | |
| 020 | . | ‡a9781410499820 ‡q(hardcover) | |
| 020 | . | ‡a1410499820 ‡q(hardcover) | |
| 035 | . | ‡a(OCoLC)971509509 | |
| 042 | . | ‡apcc | |
| 043 | . | ‡an-cn--- | |
| 082 | 0 | 0. | ‡a813/.6 ‡223 |
| 084 | . | ‡aFIC042060 ‡2bisacsh | |
| 100 | 1 | . | ‡aMcMillan, Rachel, ‡d1981- ‡eauthor. ‡0(LARL_NWRL_CONSORTIUM)221572 |
| 245 | 1 | 4. | ‡aThe white feather murders. ‡n#3 / ‡cby Rachel McMillan. |
| 250 | . | ‡aLarge print edition. | |
| 264 | 1. | ‡aWaterville, Maine : ‡bThorndike Press, a part of Gale, Cengage Learning, ‡c2017. | |
| 264 | 4. | ‡c©2017 | |
| 300 | . | ‡a365 pages (large print) ; ‡c22 cm. | |
| 336 | . | ‡atext ‡btxt ‡2rdacontent | |
| 337 | . | ‡aunmediated ‡bn ‡2rdamedia | |
| 338 | . | ‡avolume ‡bnc ‡2rdacarrier | |
| 490 | 0 | . | ‡aHerringford and Watts mysteries ; ‡v3 |
| 520 | . | ‡aToronto, 1914. Merinda Herringford and Jem Watts never could have imagined their crime-solving skills would set them up as emblems of female empowerment in a city preparing to enter World War I. Yet a war measure adopted by the mayor puts a target on Jem and her Italian husband, Ray DeLuca. In spite of these distractions, they join with other honorable and courageous cit leaders in the Cartier Club, which exists to aid newly arrived residents of Toronto. Then a club member turns up dead, bearing a slanderous white feather... | |
| 650 | 0. | ‡aWomen detectives ‡zCanada ‡vFiction. | |
| 650 | 0. | ‡aMurder ‡xInvestigation ‡vFiction. ‡0(LARL_NWRL_CONSORTIUM)166203 | |
| 650 | 0. | ‡aLarge type books. ‡0(LARL_NWRL_CONSORTIUM)24284 | |
| 650 | 7. | ‡aLarge type books. ‡2fast ‡0(LARL_NWRL_CONSORTIUM)24284 | |
| 650 | 7. | ‡aMurder ‡xInvestigation. ‡2fast ‡0(LARL_NWRL_CONSORTIUM)26286 | |
| 650 | 7. | ‡aWomen detectives. ‡2fast ‡0(LARL_NWRL_CONSORTIUM)34659 | |
| 651 | 7. | ‡aCanada. ‡2fast ‡0(LARL_NWRL_CONSORTIUM)1789 | |
| 655 | 7. | ‡aDetective and mystery fiction. ‡2fast | |
| 655 | 7. | ‡aMystery fiction. ‡2gsafd | |
| 655 | 7. | ‡aFiction. ‡2fast | |
| 655 | 7. | ‡aDetective and mystery fiction. ‡2lcgft | |
| 901 | . | ‡a257910 ‡b ‡c257910 ‡tbiblio | |

Add to basket
Permalink
Enable Highlighting